|
|
|
|
| LEADER |
00000nam0a2200000 4500 |
| 001 |
301971 |
| 005 |
20231102001444.0 |
| 020 |
|
|
|a RU
|b 83-11846
|
| 035 |
|
|
|a (RuTPU)RU\TPU\book\327165
|
| 090 |
|
|
|a 301971
|
| 100 |
|
|
|a 20150818d1983 km y0rusy5003 ca
|
| 101 |
0 |
|
|a rus
|
| 102 |
|
|
|a RU
|
| 105 |
|
|
|a a z 101zy
|
| 200 |
1 |
|
|a Опыт использования баз данных ИНЕС
|e материалы семинара
|f Общество "Знание" РСФСР ; Московский Дом научно-технической пропаганды
|
| 210 |
|
|
|a Москва
|c Изд-во МДНТП
|d 1983
|
| 215 |
|
|
|a 114 с.
|c ил.
|
| 320 |
|
|
|a Библиогр.: с. 111-112
|
| 606 |
1 |
|
|a Информационные ресурсы
|x Общие вопросы
|2 stltpush
|3 (RuTPU)RU\TPU\subj\71297
|9 85258
|
| 610 |
1 |
|
|a банк данных
|
| 610 |
1 |
|
|a базы данных
|
| 610 |
1 |
|
|a базы знаний
|
| 610 |
1 |
|
|a использование
|
| 610 |
1 |
|
|a отраслевые системы
|
| 610 |
1 |
|
|a типовые системы
|
| 610 |
1 |
|
|a проникание
|
| 610 |
1 |
|
|a ведение
|
| 610 |
1 |
|
|a методика
|
| 686 |
|
|
|a Ч231.0л0
|2 rubbk
|
| 712 |
0 |
2 |
|a Общество "Знание" РСФСР
|c (Москва)
|2 stltpush
|3 (RuTPU)RU\TPU\col\7484
|
| 712 |
0 |
2 |
|a Московский Дом научно-технической пропаганды
|2 stltpush
|3 (RuTPU)RU\TPU\col\7885
|9 24405
|
| 712 |
1 |
2 |
|a Опыт использования баз данных ИНЕС
|c семинары
|e Москва
|f 1981
|4 570
|
| 801 |
|
0 |
|a RU
|b RuMRKP
|c 19950704
|g psbo
|
| 801 |
|
1 |
|a RU
|b 63413507
|c 20150818
|
| 801 |
|
2 |
|a RU
|b 63413507
|c 20190709
|g RCR
|
| 942 |
|
|
|c BK
|